Trading partners of Serbia Quiz Stats

 Plays Quiz not verified by Sporcle

Challenge
Share
Tweet
Embed
Score 0/20 Timer 04:00
0 Plays Today
Hint Country % Correct
ExportsRussia
97.2%
ImportsRussia
97.2%
ExportsCroatia
94.7%
ImportsCroatia
94.7%
ExportsGermany
94%
ImportsGermany
94%
ExportsBosnia & Herzegovina
92.3%
ExportsRomania
89.4%
ImportsRomania
89.4%
ExportsItaly
88.7%
Hint Country % Correct
ImportsItaly
88.7%
ExportsMontenegro
88.4%
ImportsHungary
87%
ExportsSlovenia
84.9%
ImportsSlovenia
84.9%
ExportsMacedonia
83.5%
ExportsFrance
82.7%
ImportsChina
81.7%
ImportsTurkey
76.8%
ImportsPoland
66.9%

You're not logged in!

Compare scores with friends on all Sporcle quizzes.
OR
Log In

You Might Also Like...

Show Comments

Extras

Top Quizzes Today


Score Distribution

Your Account Isn't Verified!

In order to create a playlist on Sporcle, you need to verify the email address you used during registration. Go to your Sporcle Settings to finish the process.

Report this User

Report this user for behavior that violates our Community Guidelines.

Details: